ARRUPE JESUIT UNIVERSITY

CORONAVIRUS -STOP THE SPREAD - CLEAN,DISINFECT,COVER

Identity and policy (Record no. 129844)

MARC details
000 -LEADER
fixed length control field 00508nam a22001457a 4500
008 - FIXED-LENGTH DATA ELEMENTS--GENERAL INFORMATION
fixed length control field 190919b ||||| |||| 00| 0 eng d
050 ## - LIBRARY OF CONGRESS CALL NUMBER
Classification number SPC. DT1.T54 M178
100 ## - MAIN ENTRY--PERSONAL NAME
Personal name Madavo, Garikai
9 (RLIN) 48159
245 ## - TITLE STATEMENT
Title Identity and policy
Remainder of title a subjective pro-developmetal imagination of Zimbabwe beyond the flag and nationlistic ideals
Statement of responsibility, etc Garikai Madavo
260 ## - PUBLICATION, DISTRIBUTION, ETC. (IMPRINT)
Place of publication, distribution, etc Harare
Name of publisher, distributor, etc Arrupe College
Date of publication, distribution, etc 2014
300 ## - PHYSICAL DESCRIPTION
Extent 65p. ;
Dimensions 31cm.
500 ## - GENERAL NOTE
General note Thesis
651 ## - SUBJECT ADDED ENTRY--GEOGRAPHIC NAME
Geographic name Zimbabwe
General subdivision Economic conditions
9 (RLIN) 11115
942 ## - ADDED ENTRY ELEMENTS (KOHA)
Source of classification or shelving scheme Library of Congress Classification
Item type SPC
Holdings
Withdrawn status Lost status Source of classification or shelving scheme Damaged status Not for loan Collection code Home library Current library Shelving location Date acquired Total Checkouts Full call number Barcode Date last seen Price effective from Koha item type
    Library of Congress Classification     SPECIAL Collection ARRUPE LIBRARY ARRUPE LIBRARY REFERENCE 19/09/2019   SPC. DT1.T54 M178 46600003003 19/09/2019 19/09/2019 SPC

 

Arrupe Library. PO Box MP320 Mt Pleasant, Harare, Zimbabwe
263 242 745411|librarian@aju.ac.zw